02068nas a2200325 i 4500003000900000005001700009006001800026007000300044008004100047040003300088041000800121044001100129110006200140245008300202264011100285300006400396310001300460336002700473337003300500338002800533340001300561362003200574500005800606500003400664520076800698650006601466650007601532650006601608650006801674DO-SdBNP20260428142330.0asn|p|r||||||spa|ta260428e2008 dr m||p|rp|||||0| | spa d aDO-SdBNPbspacDO-SdBNPerda aspa adrcDO aÓrgano en Difusión del Comité Olímpico Dominicana0 aFlash olímpico /cÓrgano en Difusión del Comité Olímpico Dominicana. aSanto Domingo, República Dominicana :bÓrgano en Difusión del Comité Olímpico Dominicana,c2008. avolumen : bilustraciones, fotografías, tablas ; c27 cm. aMensual. atextobtxt2rdacontent asin mediaciónbn2rdamedia avolumenbnc2rdacarrier eImpreso. aAño 1. No. 8 marzo, 2008. aCatalogación basada en: Año 1. No. 8, marzo 2008. aTercer Encuentro Federativo.  a"Flash Olímpico" es el medio de comunicación oficial del Comité Olímpico Dominicano (COD), encargado de difundir noticias, eventos y actividades deportivas del país. Función y Propósito El Comité Olímpico Dominicano (COD) es el organismo rector que representa al deporte nacional ante el Comité Olímpico Internacional, los Juegos Olímpicos, los Juegos Panamericanos y los Juegos Centroamericanos y del Caribe. Fundado oficialmente el 15 de febrero de 1962, el COD coordina, promueve y supervisa todas las actividades deportivas en República Dominicana. Dentro de sus funciones, se incluye la difusión de información deportiva, la cobertura de eventos nacionales e internacionales y la comunicación de logros de atletas dominicanos. 0aDeportesvPublicaciones periódicas zRepública Dominicana 0aJuegos olímpicosvPublicaciones periódicas yRepública Dominicana 0aNoticiasvPublicaciones periódicas zRepública Dominicana 0aReportajesvPublicaciones periódicas zRepública Dominicana